Statistiques concernant Pays d'Europe qui ne sont pas dans l'Union Européenne :

Cliquez ici pour prendre le quiz!

Statistiques générales

  • Ce quiz a été pris 81 fois
    (77 depuis la dernière actualisation)
  • Le résultat moyen est 15 sur 18

Statistiques - réponses

Nombre Pays % Correct
17Ukraine
94%
16Suisse
92%
1Albanie
91%
3Biélorussie
91%
12Norvège
89%
18Vatican
86%
6Kosovo
86%
13Russie
84%
9Moldavie
83%
2Andorre
83%
11Monténégro
83%
15Serbie
83%
8Macédoine
80%
5Islande
80%
10Monaco
80%
14Saint-Marin
77%
7Liechtenstein
64%
4Bosnie-Herzégovine
48%

Distribution des résultats

Percentile par nombre de réponses

% des personnes avec chaque résultat

Votre développement - résultats

Vous n’avez pas pris ce quiz depuis la dernière actualisation